The age of AI : (Record no. 23583)

MARC details
000 -LEADER
fixed length control field 00708cam a2200205 i 4500
020 ## - INTERNATIONAL STANDARD BOOK NUMBER
ISBN 9780310357643
020 ## - INTERNATIONAL STANDARD BOOK NUMBER
ISBN 9780310357667
082 00 - DEWEY DECIMAL CLASSIFICATION NUMBER
Classification number 233
Author Cutter THA
100 1# - MAIN ENTRY--AUTHOR NAME
Author name Thacker, Jason,
245 14 - TITLE STATEMENT
Title The age of AI :
260 ## - PUBLICATION, DISTRIBUTION, ETC. (IMPRINT)
Name of publisher Zondervan
Year of publication 2020
300 ## - PHYSICAL DESCRIPTION
Number of Pages 192 pages ;
520 ## - SUMMARY, ETC.
Summary, etc "In The Age of AI, researcher Jason Thacker explores how the prevalence of artificial intelligence shapes what it means to be human today - and how the fact that we are made in the image of God transforms everything about how we use it"--
650 #0 - SUBJECT ADDED ENTRY--TOPICAL TERM
Topical Term Theological anthropology
650 #0 - SUBJECT ADDED ENTRY--TOPICAL TERM
Topical Term Image of God.
650 #0 - SUBJECT ADDED ENTRY--TOPICAL TERM
Topical Term Artificial intelligence.
650 #0 - SUBJECT ADDED ENTRY--TOPICAL TERM
Topical Term Religion and science.
942 ## - ADDED ENTRY ELEMENTS (KOHA)
Koha item type Books
Holdings
Home library Current library Shelving location Date acquired Source of acquisition Cost, normal purchase price Full call number Accession Number Koha item type
Henry Martyn Institute Library Henry Martyn Institute Library General stacks 09/26/2025 Kohinoor Book Distributor 1700.00 233 THA 26026 Books
                   Copyright © 2026 | Henry Martyn Institute | Hyderabad | TS-500052 | INDIA | Implemented by hmi.edu.in
Hit-Count:

Powered by Koha